Sports Quiz

Random Sports or NFL Quiz
Score 0/50 Timer 05:00
0 Plays Today
Hint Answer % Correct
NFC 2013Adrian Peterson
99.3%
NFC 2011Adrian Peterson
99.3%
NFC 2010Adrian Peterson
99.3%
NFC 2009Adrian Peterson
99.3%
NFC 2008Adrian Peterson
99.3%
AFC 2013Arian Foster
99%
AFC 2012Arian Foster
99%
AFC 2011Arian Foster
99%
NFC 2013Frank Gore
98.5%
NFC 2012Frank Gore
98.5%
NFC 2010Frank Gore
98.5%
NFC 2007Frank Gore
98.5%
AFC 2013Ray Rice
98.3%
AFC 2012Ray Rice
98.3%
AFC 2010Ray Rice
97.8%
NFC 2013Marshawn Lynch
97.6%
NFC 2012Marshawn Lynch
97.6%
AFC 2012Maurice Jones-Drew
97.1%
AFC 2011Maurice Jones-Drew
97.1%
AFC 2010Maurice Jones-Drew
97.1%
AFC 2009Marshawn Lynch
97.1%
AFC 2013Jamaal Charles
96.8%
AFC 2011Jamaal Charles
96.8%
NFC 2012LeSean McCoy
95.9%
AFC 2010Chris Johnson
95.1%
Hint Answer % Correct
AFC 2009Chris Johnson
95.1%
AFC 2011Chris Johnson
94.9%
NFC 2011Steven Jackson
94.9%
NFC 2010Steven Jackson
94.9%
NFC 2007Steven Jackson
93.9%
NFC 2012Matt Forté
92.5%
NFC 2011Michael Turner
91.7%
NFC 2009Michael Turner
91.7%
NFC 2010DeAngelo Williams
91.2%
AFC 2013CJ Spiller
89.3%
NFC 2013Doug Martin
88.3%
AFC 2008Joseph Addai
82.5%
AFC 2012Willis McGahee
80.5%
AFC 2008Willis McGahee
80.5%
AFC 2012Ryan Mathews
78.8%
AFC 2009Ronnie Brown
68.6%
AFC 2011Vonta Leach
62.8%
AFC 2013Vonta Leach
62.5%
AFC 2012Vonta Leach
62.5%
NFC 2012John Kuhn
60.6%
AFC 2013Marcel Reece
42.1%
AFC 2010LeRon McClain
40.6%
AFC 2009LeRon McClain
40.6%
NFC 2012Michael Robinson
21.3%
NFC 2013Jerome Felton
19.7%
Remove Ads.
Support Sporcle.
Get the best of Sporcle when you Go Orange. This ad-free experience offers more features, more stats, and more fun while also helping to support Sporcle. Thank you for becoming a member.

You're not logged in!

Compare scores with friends on all Sporcle quizzes.
OR
Log In

Show Comments

Extras

Created Oct 7, 2013ReportNominate
Tags:NFL Quiz, Active, Bowler, pro, Pro Bowl

Top Quizzes Today


Score Distribution

Your Account Isn't Verified!

In order to create a playlist on Sporcle, you need to verify the email address you used during registration. Go to your Sporcle Settings to finish the process.

Report this User

Report this user for behavior that violates our Community Guidelines.

Details: